000 00555nam a22001457a 4500
999 _c12437
_d12437
008 230704b 2017 ||||| |||| 00| 0 eng d
020 _a9789811350887
082 _a512
_bLAL
100 _aLal, Ramji
245 _aAlgebra 1
260 _aIndia
_bSpringer
_c2017
300 _axvii,433p.
520 _aThis is the first in a series of three volumes dealing with important topics in algebra. It offers an introduction to the foundations of mathematics together with the fundamental algebraic structures, namely groups, rings, fields, and
942 _cBK